| 000 | 00364nam a22001457a 4500 | ||
|---|---|---|---|
| 008 | 250414b ||||| |||| 00| 0 eng d | ||
| 020 | _a9788809880320 | ||
| 041 | _aITALIAN | ||
| 080 |
_22019 _a371PER |
||
| 082 |
_2371PER _a371PER |
||
| 100 | _a22 | ||
| 101 | _aITALIANE | ||
| 245 |
_aDIZIONARIO DEI SINONIMI E DEI CONTRARI _cPERINI ELISABETTA |
||
| 942 |
_2udc _cBK |
||
| 999 |
_c60640 _d60640 |
||